| 000 | 00789nam a2200253 i 4500 | ||
|---|---|---|---|
| 003 | CO-BoRNBP | ||
| 005 | 20220317000701.0 | ||
| 007 | ta | ||
| 008 | 160601s2004 ck a gr 000 0 spa | ||
| 020 | _a9583013137 | ||
| 040 |
_aCO-BoRNBP _bspa _erda _cCO-BoRNBP |
||
| 082 | 0 | 4 |
_a927.914 _bW66s _223 |
| 100 | 1 |
_aSilva Romero, Ricardo _d1973- _eautor |
|
| 245 | 1 | 0 |
_aWoody Allen _bincómodo en el mundo _cRicardo Silva Romero |
| 250 | _aPrimera edición | ||
| 264 | 1 |
_aBogotá, Colombia _bPanamericana _c2004 |
|
| 300 |
_a113 páginas _bilustraciones _c22 cm |
||
| 336 |
_atexto _btxt _2rdacontent |
||
| 337 |
_asin mediación _bn _2rdamedia |
||
| 338 |
_avolumen _bnc _2rdacarrier |
||
| 600 | 1 | 4 |
_aAllen, Woody _d1935- _xBiografías _9206454 |
| 650 | 1 | 4 |
_aCine _vBiografías _2ARMARC |
| 942 |
_2ddc _cBK |
||
| 999 |
_c4763 _d4763 |
||